000 00394nam a2200169Ia 4500
008 230524s9999 xx 000 0 und d
082 _a330
_bDHI
100 _aI C Dhingra
_927603
245 0 _aEconomics
250 _aIST
260 _aNEW DELHI
_bS.Chand
_c2000
300 _aXV;17.61
500 _aQuantity Number: 1
650 _aEconomics
700 _a V.K.Garg
_927604
942 _cBK
999 _c40704
_d40704